| 000 | 00791nas a2200253 4500 | ||
|---|---|---|---|
| 001 | BR2011005727 | ||
| 003 | BR-BrBNA | ||
| 005 | 20231205115706.0 | ||
| 007 | ta | ||
| 008 | 230509b bl.|||p| |||| 00| 00por d | ||
| 040 |
_aBR-BrBNA _bpor _cBiblioteca Nacional de Agricultura |
||
| 041 | _a(Pt) | ||
| 072 | _aN20 | ||
| 100 | 1 | _aMoreira Junior, O. | |
| 100 | 1 | _aAntuniassi, U.R. | |
| 245 | 1 | _aConstrução e validação de um túnel de vento para ensaios de estimativa da deriva em pulverizações agrícolas | |
| 650 | _aAGROTÓXICO | ||
| 650 | _aCORANTE | ||
| 650 | _aLAVAGEM | ||
| 650 | _aSIMULAÇÃO | ||
| 773 | 0 |
_tEnergia na Agricultura (Brazil) _xISSN 1808-8759 _g(2010), v. 25(3) p. 118-136 _wBR2011005727 |
|
| 909 |
_a202311 _bLúcia _c55 _dLúcia Elande |
||
| 942 |
_2AGRIS _n0 _cANA |
||
| 999 |
_c215244 _d215244 |
||